Statistics for Chile Country Quiz

Click here to take the quiz!

General Stats

  • This quiz has been taken 1,396 times
    (1,331 since last reset)
  • The average score is 12 of 20

Answer Stats

QuestionAnswer% Correct
What is the capital of Chile?Santiago
98%
What is the official language of Chile?Spanish
98%
Which island is famous for its extant monumental statues ?Easter Island
91%
In which mountain range is the above located?Andes
88%
What is the currency of Chile?Peso
85%
What is the name of the southernmost island group of Chile?Tierra del {Fuego}
82%
Which desert in northern Chile is the driest one in the world?Atacama
70%
Which anti-communist dictator and general overthrew the above and served as the
president of Chile from 1974 until 1990?
Augusto Pinochet
60%
What is the southernmost point of mainland American continent?Cape {Horn}
58%
Chuquicamata in Chile is the name of the largest mine of what type of metal in the world?Copper
58%
What strait separates the above from mainland South America?Strait of {Magellan}
57%
What is the name of the semi-arid region that compromises of southern half of Chile?Patagonia
56%
After what war did Chile receive its northern coasts from Bolivia and Peru?War of the Pacific
48%
What is the name of the monolithic human figures of that island?Moai
46%
What is the indigenous name of the above?Rapa Nui
44%
Which city is home to the Chilean National Congress?Valparaiso
44%
Who was the first ever Marxist to ever be elected president in a country
with liberal democracy?
Salvador Allende
40%
Which Chilean Nobel Prize winning poet often wrote in green ink?Pablo Neruda
39%
What is the name of the main indigenous people of Chile?Mapuche
28%
What is the name of the highest active volcano in the world?Ojos del {Salado}
25%

Score Distribution

Percentile by Number Answered

Percent of People with Each Score

Your Score History

You have not taken this quiz since the last reset